Les joueurs de Foot ayant joué plusieurs saisons - Statistiques

Statistiques générales
  • Ce quiz a été pris 61 fois
  • Le résultat moyen est 4 sur 10
Statistiques - réponses
Hint Réponse % Correct
20+ saisons Lionel Messi
90%
22+ saisons Cristiano Ronaldo
87%
28+ saisons Gianluigi Buffon
52%
24 saisons Zlatan Ibrahimovic
48%
22 saisons Andrés Iniesta
42%
25 saisons Paolo Maldini
38%
21 saisons Iker Casillas
21%
24 saisons Ryan Giggs
21%
21 saisons Frank lampard
12%
19 saisons Xavi Hernandez
4%
Aucun quiz correspondant
Distribution des résultats
% des personnes avec chaque résultat
Percentile par nombre de réponses
Votre historique - résultats
Vous n’avez pas pris ce quiz